000 00364nam a2200133Ia 4500
008 220217s9999||||xx |||||||||||||| ||und||
020 _a0-19-568143-6
082 _a004.2 PAR
100 _aParhami, Behrooz
_94731
245 0 _aComputer architecture
260 _aOxford university prees
_bNew York
_c2006
300 _b299
650 _aCOMPUTER ARCHITECTURE
999 _c174532
_d174532